| 000 | 00688cam a2200265 i 4500 | ||
|---|---|---|---|
| 001 | 0000447 | ||
| 003 | DO-SdBNP | ||
| 005 | 20180131104239.0 | ||
| 007 | 0000447 | ||
| 008 | 100514s2001 mx | |||| 000 f spa | ||
| 015 | _a | ||
| 017 |
_a _b |
||
| 020 | _a9681908902 | ||
| 035 | _a | ||
| 040 |
_aBPMSU _bspa _cBPMSU _e |
||
| 080 | _a | ||
| 100 | 1 | _aMartínez Gil, Fernando | |
| 245 | 1 | 3 |
_aLa isla soñada / _cFernando Martínez Gil |
| 260 |
_aMéxico : _bAlfaguara, _c2001. _g2003 |
||
| 300 |
_a161 p.: _c23 cm |
||
| 500 | _aLa biblioteca posee la reimpresión del 2003 | ||
| 942 |
_2ddc _cBK |
||
| 945 | _aInventariado extraviado / 2018 VM | ||
| 956 |
_aYLOCKWARD _810 _cBPMSU |
||
| 999 |
_c10579 _d10579 |
||